Á lódáil...

Urban government.

Sonraí Bibleagrafaíochta
Príomhúdar: Baker, Benjamin
Formáid: Printed Book
Teanga:English
Foilsithe: New Jersey, D. Van Nostrand [1957]
Sraith:Van Nostrand political science series
Ábhair:
LEADER 00606cam a22001691 4500
005 20151215125122.0
008 740520s1957 xx 000 0 eng
082 |a 352.16  |b BAK 
100 1 |a Baker, Benjamin,  |9 6080 
245 1 0 |a Urban government. 
300 |a xi, 572 p.  |b illus.  |c 24 cm. 
490 0 |a Van Nostrand political science series 
653 |a Urban administration  |a Public administration 
942 |c BK  |6 _ 
260 |a New Jersey,  |b D. Van Nostrand  |c [1957] 
999 |c 97580  |d 97580 
952 |0 0  |1 0  |2 ddc  |4 0  |6 35216_BAK  |7 0  |9 122971  |a SMS  |b SMS  |c GEN  |d 2009-10-29  |g 10.00  |o 352.16 BAK  |p SMS002949  |r 2009-10-29  |w 2009-10-29  |y BK